|
|
|
|
| LEADER |
00000nam a2200000 a 4500 |
| 001 |
vtls001315108 |
| 003 |
SK-MaSNL |
| 005 |
20260331203817.0 |
| 008 |
251124s1941 US a 0 slo |
| 020 |
|
|
|c [400,00]
|
| 035 |
|
|
|a SNK000267588
|
| 040 |
|
|
|a SNK
|b slo
|c SNK
|e AACR2
|
| 041 |
0 |
|
|a slo
|
| 044 |
|
|
|a US
|
| 080 |
|
|
|a 061.25:396(73=854)
|2 1981
|
| 080 |
|
|
|a 323.113(73=854)
|2 1981
|
| 100 |
1 |
|
|a Blažek, Pavel
|4 zos
|4 upr
|9 446630
|
| 245 |
1 |
|
|a 1891-1941 - Pamätnica k zlatému jubileu Živeny podporujúceho Spolku slovenských žien a mužov v Spojených štátoch amerických
|c sostavil Pavel Blažek
|
| 260 |
|
|
|a Pittsburgh
|b Živena
|c [1941]
|
| 300 |
|
|
|a 417 s.
|a d26 cm
|
| 610 |
0 |
7 |
|a Živena (spolok : Spojené štáty americké)
|2 SNK
|9 456090
|
| 611 |
1 |
7 |
|a Živena (spolok : Spojené štáty americké)
|2 SNK
|9 456091
|
| 958 |
|
|
|a OND
|
| 999 |
|
|
|c 716675
|d 718605
|
| 952 |
|
|
|t P60, <03>, [BOOK], {603}
|a SNK
|b SNK
|y PREZ
|7 0
|p 17A0112563
|o snkSB 58112
|i snkV 3007/97
|0 0
|1 0
|4 0
|d 1997-12-19
|f 1
|l 0
|r 2025-04-09 00:00:00
|w 2026-02-23
|